MARC details
| 000 -CABECERA |
| campo de control de longitud fija |
01254nam a2200217 a 4500 |
| 001 - NÚMERO DE CONTROL |
| campo de control |
000046505 |
| 003 - IDENTIFICADOR DEL NÚMERO DE CONTROL |
| campo de control |
OSt |
| 005 - FECHA Y HORA DE LA ÚLTIMA TRANSACCIÓN |
| campo de control |
20201123123205.0 |
| 008 - DATOS DE LONGITUD FIJA--INFORMACIÓN GENERAL |
| campo de control de longitud fija |
150820s2015 dr ac 000 0 spa d |
| 020 ## - NÚMERO INTERNACIONAL ESTÁNDAR DEL LIBRO |
| Número Internacional Estándar del Libro |
9789945408966 |
| 040 ## - FUENTE DE LA CATALOGACIÓN |
| Centro catalogador/agencia de origen |
DO-SdBNP |
| Lengua de catalogación |
spa |
| Centro/agencia transcriptor |
BNPHU |
| 082 ## - NÚMERO DE LA CLASIFICACIÓN DECIMAL DEWEY |
| Número de documento/Ítem |
G569o |
| 100 1# - ENTRADA PRINCIPAL--NOMBRE DE PERSONA |
| Nombre de persona |
Gómez Cerda, José |
| 9 (RLIN) |
8583 |
| 245 14 - MENCIÓN DE TÍTULO |
| Título |
Los organismos genéticamente manipulados (OGM) / |
| Mención de responsabilidad, etc. |
José Gómez Cerda. |
| 260 ## - PUBLICACIÓN, DISTRIBUCIÓN, ETC. |
| Lugar de publicación, distribución, etc. |
Santo Domingo : |
| Nombre del editor, distribuidor, etc. |
Argos, |
| Fecha de publicación, distribución, etc. |
2015. |
| 300 ## - DESCRIPCIÓN FÍSICA |
| Extensión |
93 p. : |
| Otras características físicas |
il., retrs. ; |
| Dimensiones |
22 cm. |
| 500 ## - NOTA GENERAL |
| Nota general |
Incluye datos biográficos del autor en las solapas. |
| 505 0# - NOTA DE CONTENIDO CON FORMATO |
| Título |
Introducción -- |
| -- |
La genética -- |
| -- |
Las nuevas tecnologías -- |
| -- |
¿Qué es una manipulación genética? -- |
| -- |
Manipulación con el ser humano -- |
| -- |
¿Qué es el ADN? -- |
| -- |
Los OGM y la alimentación humana -- <br/> |
| -- |
Los OGM y los animales -- |
| -- |
Los OGM y la agricultura: manipulación vegetal -- |
| -- |
Como afectan al medio ambiente -- |
| -- |
Condiciones de vida y trabajo -- |
| -- |
Los OGM y el comercio -- |
| -- |
Empresas multinacionales globales que fabrican OGM -- |
| -- |
Políticas de relaciones públicas de empresas multinacionales -- |
| -- |
¿Qué organizaciones defienden a los consumidores? -- |
| -- |
Actualidad -- |
| -- |
Libro de José Gómez Cerda -- |
| 590 ## - NOTA LOCAL (RLIN) |
| Nota local |
Inventariado, 2020 /LP |
| 942 ## - ELEMENTOS DE PUNTO DE ACCESO ADICIONAL (KOHA) |
| Fuente del sistema de clasificación o colocación |
Dewey Decimal Classification |
| Tipo de ítem Koha |
Libro |